000 00679nam a2200217Ia 4500
003 GCL
008 140319s9999 xx 000 0 ara d
040 _aGCL /
_cGCL
082 0 4 _a658.8
_bع ك
100 1 _aعبدالعزيز فهمى هيكل
245 1 0 _aالكمبيوتر وبحوث التسويق /
_cعبدالعزيز فهمى هيكل
260 _a[S.N] :
_bدار الراتب الجامعية
300 _a273 ص ؛
_c24 سم
490 _a
650 0 4 _aالحاسبات الالكترونية
650 0 4 _aالتسويق
650 0 4 _aالبحوث
650 0 4 _aادارة التسويق
650 0 4 _aادارة المبيعات
942 _2ddc
_cBK
999 _c55544
_d55544